Регионална библиотека "Любен Каравелов" - Русе

Музика за VІ клас (Запис номер 322811)

MARC детайли
000 -Лидер
Контролно поле с фиксирана дължина naa a22 a 4500
003 - Код на организацията, давaща контролен номер
Контролно поле BLK
005 - Дата и час на последна редакция
Контролно поле 20181013145433.0
008 - Елементи от данни с фиксирана дължина
fixed length control field 180911b bul||||| |||| 00| 0 bul d
020 ## - Международен стандартен номер на книга ISBN
Международен стандартен номер на книга ISBN 978-619-222-140-9
040 ## - Източник на каталожния запис
Идентификатор на билиотеката - собственик на записа BLK
041 ## - Код за език
Код за езика на текст/звукозапис или на отделно заглавие Български
Код за езика КДБФ Български
080 ## - УДК
Текстов определител УДК Методика по музика. Музика - учебни предмети
УДК код - определител по УДК 372.878
УДК определител (072)(075.2)
УДК - код + определител 372.878(072)(075.2)
100 ## - Редна дума - Автор
Автор Минчева, Пенка Пенчева
R(LIN) 390033
139 ## - Редно поле
Редна дума Минчева, Пенка Пенчева и др.
245 ## - Сведения за заглавието
Заглавие Музика за VІ клас
Подзаглавни данни Книга за учителя
Редно поле (дума) Пенка Минчева, Красимира Филева, Светла Христова
260 ## - Област на издателските данни
Име на издателя, разпространителя и проч. Просвета плюс
Година на издаване 2017
Място на издаване, разпространение и проч. София
300 ## - Физическа характеристика
Страници 107 с. : с табл., ноти
Размери/Мащаб 24 см
380 ## - Жанр
Жанр Обществени науки
500 ## - Общи забележки
Забележка Загл. в изд. каре: Книга за учителя по музика за 6. клас
650 #7 - Допълнително описание по предмет – тема
9 (RLIN) 162891
Основно описание – тема или топоним Музика - методика на преподаването - за основни училища
653 #7 - Ключова дума – ненормативна
9 (RLIN) 191499
Ключова дума музика
653 #7 - Ключова дума – ненормативна
9 (RLIN) 188733
Ключова дума книга за учителя
653 #7 - Ключова дума – ненормативна
9 (RLIN) 180184
Ключова дума VІ кл.
700 ## - Други автори (авторска отговорност)
9 (RLIN) 258515
Лично име Филева, Красимира Георгиева
Автороска отговорност (Описва отношението между автора и произведението) съавт.
700 ## - Други автори (авторска отговорност)
9 (RLIN) 292059
Лично име Христова, Светла Христова
Автороска отговорност (Описва отношението между автора и произведението) съавт.
852 ## - Местоположение
Форматна сигнатура Цб 289436
999 ## - СИСТЕМНИ КОНТРОЛНИ НОМЕРА
Koha biblionumber 322811
Koha biblioitemnumber 322811
942 ## - АРТИКУЛИ
Вид на библиотечния материал Книги
Източник на класификационната схема Universal Decimal Classification
Скрит в OPAC Не
999 ## - СИСТЕМНИ КОНТРОЛНИ НОМЕРА
Koha biblioitemnumber 322811
Наличности
Код за отписване Код за изгубен артикул Източник на класификационната схема Код за повреда Код за отдаване Артикулен № Име на библиотеката - собственик Име на библиотеката, в която се намира в момента Статус (Текущо местоположение) Дата на вписване в системата Местоположение - отдел Цена в лева Инвентарен номер Систематично азбучна сигнатура Баркод Цена в евро Служебен тип на артикула
  Не е изгубен Universal Decimal Classification Не е повреден ползва се в читалня 676927 Регионална библиотека "Любен Каравелов" Русе Регионална библиотека "Любен Каравелов" Русе Хранилище 2018-05-31 Хранилище 9.00 120000820641 Цб 289436 120000820641 4.60 Книги
Vip Innovations Ltd, Rousse, Bulgaria 2025